[Event "Novosibirsk Seniors op"]
[Site "Novosibirsk"]
[Date "2010.09.30"]
[Round "6"]
[White "Kuryshev, Alexander"]
[Black "Makarevich, Gennady"]
[Result "0-1"]
[WhiteElo "1993"]
[BlackElo "1991"]
[PlyCount "122"]
[EventDate "2010.09.24"]
[EventType "swiss"]
[EventRounds "9"]
[EventCountry "RUS"]
[SourceTitle "EXT 2014"]
[Source "ChessBase"]
[SourceDate "2013.11.20"]
[SourceVersion "1"]
[SourceVersionDate "2013.11.20"]
[SourceQuality "1"]

1. e4 e6 2. d4 d5 3. Nc3 Nf6 4. e5 Nfd7 5. f4 c5 6. Be3 Nc6 7. Nf3 a6 8. Be2 g6 9. 0-0 c4 10. h3 h5 11. Ng5 b5 12. f5 Bh6 13. h4 gxf5 14. Bxh5 Bxg5 15. hxg5 Qb6 16. Nxd5 exd5 17. e6 Nde5 18. exf7+ Kf8 19. g6 Ne7 20. Qd2 N5xg6 21. Bh6+ Kxf7 22. Rae1 Ng8 23. Qg5 Qxd4+ 24. Rf2 Qf6 25. Bf3 Be6 26. Bxd5 Qxg5 27. Bxe6+ Kf6 28. Bxg5+ Kxg5 29. Rxf5+ Kh6 30. g4 Rh7 31. g5+ Kg7 32. Bd5 Rf8 33. Bxg8 Rxf5 34. Bxh7 Rxg5+ 35. Kf2 Kxh7 36. Re6 a5 37. Ra6 a4 38. Rb6 Re5 39. b3 axb3 40. axb3 c3 41. Rc6 b4 42. Rb6 Re4 43. Kf3 Rh4 44. Kg3 Rd4 45. Kf3 Kg7 46. Ke3 Rh4 47. Kd3 Kf7 48. Rb8 Ne7 49. Ke3 Nc6 50. Rb6 Nd4 51. Kd3 Ne6 52. Ke3 Ke7 53. Rb5 Rh3+ 54. Ke2 Rh2+ 55. Ke3 Rd2 56. Rc5 Rxc2 57. Rh5 Rb2 58. Kd3 Rxb3 59. Kc4 Rb2 60. Kd5 Rd2+ 61. Kc4 c2 0-1

[Event "Novosibirsk Seniors op"]
[Site "Novosibirsk"]
[Date "2010.09.27"]
[Round "3"]
[White "Kaigorodov, Timofei"]
[Black "Makarevich, Gennady"]
[Result "0-1"]
[WhiteElo "1774"]
[BlackElo "1991"]
[PlyCount "74"]
[EventDate "2010.09.24"]
[EventType "swiss"]
[EventRounds "9"]
[EventCountry "RUS"]
[SourceTitle "EXT 2014"]
[Source "ChessBase"]
[SourceDate "2013.11.20"]
[SourceVersion "1"]
[SourceVersionDate "2013.11.20"]
[SourceQuality "1"]

1. e4 e6 2. d4 d5 3. exd5 exd5 4. c4 Nc6 5. Nf3 Qe7+ 6. Be3 dxc4 7. Nc3 Bg4 8. Be2 0-0-0 9. Qa4 Qb4 10. 0-0-0 Qxa4 11. Nxa4 b5 12. Nc5 Bxc5 13. dxc5 Nge7 14. Nd4 Bxe2 15. Nxe2 Rxd1+ 16. Rxd1 Rd8 17. Nd4 Nxd4 18. Bxd4 Nf5 19. Bc3 Rxd1+ 20. Kxd1 f6 21. g4 Ne7 22. g5 Nd5 23. gxf6 Nxc3+ 24. bxc3 gxf6 25. Kd2 Kd7 26. Ke3 Ke6 27. Ke4 c6 28. a3 a5 29. h3 f5+ 30. Kd4 f4 31. f3 Kf5 32. h4 h5 33. a4 bxa4 34. Kxc4 Ke5 35. Kd3 Kd5 36. c4+ Kxc5 37. Ke4 a3 0-1

[Event "Novosibirsk Region-ch Seniors"]
[Site "Novosibirsk"]
[Date "2009.02.??"]
[Round "6"]
[White "Makarevich, Gennady"]
[Black "Baidin, Yury"]
[Result "1-0"]
[WhiteElo "1991"]
[BlackElo "1832"]
[PlyCount "61"]
[EventDate "2009.02.??"]
[EventType "swiss"]
[EventRounds "9"]
[EventCountry "RUS"]
[SourceTitle "EXT 2012"]
[Source "ChessBase"]
[SourceDate "2011.11.24"]
[SourceVersion "1"]
[SourceVersionDate "2011.11.24"]
[SourceQuality "1"]

1. e4 e5 2. Nf3 Nc6 3. Bc4 Nf6 4. Ng5 d5 5. exd5 Na5 6. Bb5+ c6 7. dxc6 bxc6 8. Qf3 Bb7 9. Bd3 Qc7 10. Nc3 Bd6 11. Nce4 Nxe4 12. Nxe4 0-0 13. Nxd6 Qxd6 14. 0-0 c5 15. Be4 f5 16. Bxb7 e4 17. Bxe4 fxe4 18. Qxe4 Rae8 19. Qa4 Nc6 20. Qb3+ Kh8 21. Qg3 Qd5 22. d3 Nd4 23. Qg5 Rf5 24. Qg4 Ne2+ 25. Kh1 Re6 26. Be3 Rg6 27. Qe4 Qxe4 28. dxe4 Re5 29. Rfe1 Nd4 30. Bxd4 cxd4 31. Rad1 1-0

[Event "Novosibirsk-ch Seniors op"]
[Site "Novosibirsk"]
[Date "2008.09.29"]
[Round "5"]
[White "Makarevich, Gennady"]
[Black "Bykovsky, Vladimir"]
[Result "0-1"]
[WhiteElo "2008"]
[BlackElo "2053"]
[PlyCount "37"]
[EventDate "2008.09.25"]
[EventType "swiss"]
[EventRounds "9"]
[EventCountry "RUS"]
[SourceTitle "EXT 2022"]
[Source "ChessBase"]
[SourceDate "2021.10.06"]
[SourceVersion "1"]
[SourceVersionDate "2021.10.06"]
[SourceQuality "1"]

1. e4 c5 2. Nc3 Nc6 3. Nge2 g6 4. d4 cxd4 5. Nxd4 Bg7 6. Be3 a6 7. Bc4 Nf6 8. Bb3 0-0 9. 0-0 Na5 10. e5 Nh5 11. Bxf7+ Kxf7 12. Ne6 dxe6 13. g4 Nf6 14. exf6 exf6 15. Qf3 Kg8 16. Bc5 Re8 17. Rad1 Qc7 18. Ne4 f5 19. Bd6 0-1

[Event "Novosibirsk-ch Seniors op"]
[Site "Novosibirsk"]
[Date "2008.09.28"]
[Round "4"]
[White "Baidin, Yury"]
[Black "Makarevich, Gennady"]
[Result "1/2-1/2"]
[WhiteElo "1862"]
[BlackElo "2008"]
[PlyCount "52"]
[EventDate "2008.09.25"]
[EventType "swiss"]
[EventRounds "9"]
[EventCountry "RUS"]
[SourceTitle "EXT 2022"]
[Source "ChessBase"]
[SourceDate "2021.10.06"]
[SourceVersion "1"]
[SourceVersionDate "2021.10.06"]
[SourceQuality "1"]

1. e4 e6 2. d4 d5 3. Nc3 Nf6 4. Bg5 Be7 5. Bxf6 Bxf6 6. Nf3 dxe4 7. Nxe4 Be7 8. Bd3 Nc6 9. c3 h6 10. Qe2 Qd5 11. Bc4 Qh5 12. Ng3 Qa5 13. 0-0 0-0 14. b4 Qb6 15. a4 a6 16. a5 Qa7 17. Rad1 b5 18. Bb3 Bd6 19. Ne4 Ne7 20. Nh4 Kh8 21. Qh5 Nf5 22. Nxf5 exf5 23. Ng5 Be6 24. Nxe6 fxe6 25. Bxe6 f4 26. Bb3 Rf6 1/2-1/2

[Event "Novosibirsk-ch Seniors op"]
[Site "Novosibirsk"]
[Date "2008.09.27"]
[Round "3"]
[White "Makarevich, Gennady"]
[Black "Volkov, Petr"]
[Result "1/2-1/2"]
[WhiteElo "2008"]
[BlackElo "2095"]
[PlyCount "64"]
[EventDate "2008.09.25"]
[EventType "swiss"]
[EventRounds "9"]
[EventCountry "RUS"]
[SourceTitle "EXT 2022"]
[Source "ChessBase"]
[SourceDate "2021.10.06"]
[SourceVersion "1"]
[SourceVersionDate "2021.10.06"]
[SourceQuality "1"]

1. e4 e5 2. Nf3 Nc6 3. Bc4 Bc5 4. d3 Nf6 5. h3 d6 6. Be3 Qe7 7. Bxc5 dxc5 8. Nc3 Na5 9. Bb3 c6 10. Ne2 Nxb3 11. axb3 Nh5 12. Qd2 h6 13. Qc3 f6 14. Nh4 Kf7 15. 0-0 g5 16. Nf5 Bxf5 17. exf5 Nf4 18. Rae1 Nxe2+ 19. Rxe2 Qd6 20. Rfe1 Qd4 21. Qxd4 cxd4 22. g3 Rae8 23. f4 exf4 24. Rxe8 Rxe8 25. Rxe8 Kxe8 26. gxf4 Kf7 27. Kf2 h5 28. Kf3 c5 29. Ke4 a5 30. Kf3 Ke7 31. Kg3 Kd6 32. Kf3 Kd5 1/2-1/2

[Event "Novosibirsk-ch Seniors op"]
[Site "Novosibirsk"]
[Date "2007.10.02"]
[Round "8"]
[White "Ignatov, Anatoly"]
[Black "Makarevich, Gennady"]
[Result "1-0"]
[WhiteElo "2001"]
[BlackElo "2026"]
[PlyCount "65"]
[EventDate "2007.09.24"]
[EventType "swiss"]
[EventRounds "9"]
[EventCountry "RUS"]
[SourceTitle "EXT 2022"]
[Source "ChessBase"]
[SourceDate "2021.10.06"]
[SourceVersion "1"]
[SourceVersionDate "2021.10.06"]
[SourceQuality "1"]

1. e4 e6 2. d4 d5 3. Nd2 Nf6 4. e5 Nfd7 5. Bd3 c5 6. c3 Nc6 7. Ne2 cxd4 8. cxd4 f6 9. exf6 Nxf6 10. Nf3 Bb4+ 11. Bd2 Qa5 12. Bc3 0-0 13. 0-0 Bxc3 14. bxc3 Bd7 15. Qc2 Rac8 16. Rab1 Qc7 17. Rfe1 b6 18. Ng3 h6 19. Qe2 Rce8 20. h3 Re7 21. Rbc1 Qf4 22. Qe3 g5 23. Qxf4 gxf4 24. Nf1 Nh5 25. Ne5 Nxe5 26. Rxe5 Ng7 27. Nd2 Ref7 28. Nf3 Rf6 29. Nh4 Rc8 30. Ree1 Kf7 31. Nf3 Ke7 32. Ne5 Kd6 33. Ng4 1-0

[Event "Novosibirsk-ch Seniors op"]
[Site "Novosibirsk"]
[Date "2007.09.28"]
[Round "5"]
[White "Makarevich, Gennady"]
[Black "Romanov, Viktor"]
[Result "0-1"]
[WhiteElo "2026"]
[BlackElo "2081"]
[PlyCount "92"]
[EventDate "2007.09.24"]
[EventType "swiss"]
[EventRounds "9"]
[EventCountry "RUS"]
[SourceTitle "EXT 2022"]
[Source "ChessBase"]
[SourceDate "2021.10.06"]
[SourceVersion "1"]
[SourceVersionDate "2021.10.06"]
[SourceQuality "1"]

1. e4 b6 2. d4 e6 3. c4 Bb7 4. Nc3 Bb4 5. f3 Qe7 6. a3 Bxc3+ 7. bxc3 f5 8. exf5 exf5+ 9. Qe2 Nc6 10. Qxe7+ Ngxe7 11. Bd3 0-0 12. a4 Rfe8 13. Ba3 Ba6 14. Kf2 g6 15. Rd1 Na5 16. c5 Bxd3 17. Rxd3 Nc4 18. Bc1 Nd5 19. Ne2 Re6 20. Nf4 Nxf4 21. Bxf4 Rae8 22. Bxc7 Re2+ 23. Kg3 Nb2 24. cxb6 axb6 25. Rhd1 Nxd3 26. Rxd3 Ra2 27. Bxb6 Rxa4 28. Rd2 Re3 29. d5 Rxc3 30. d6 Re4 31. Bd4 Rb3 32. Bf6 Kf7 33. Be7 h5 34. Rc2 Rg4+ 35. Kh3 Rd4 36. Rc8 Ke6 37. Rg8 Rg4 38. Rf8 Ke5 39. Rd8 Ke6 40. Rf8 Rd4 41. Rf6+ Ke5 42. Rf7 g5 43. Bf8 Rh4+ 44. Kg3 Rg4+ 45. Kf2 Rb2+ 46. Ke3 Rgxg2 0-1